Principles and applications of imaging radar / (Registro nro. 2682)
[ vista simple ]
| 000 -CABECERA | |
|---|---|
| Campo de control | 01727cam a2200373 a 4500 |
| 005 - FECHA Y HORA DE LA ULTIMA TRANSACCION | |
| Campo de control | 20160112043050.0 |
| 008 - ELEMENTOS DE LONGITUD FIJA—INFORMACION GENERAL | |
| Campo de control | 980504t1998 nyua frb 001 0 eng |
| 020 ## - ISBN | |
| ISBN | 0471294063 (alk. paper) |
| 040 ## - FUENTE DE CATALOGACIÓN | |
| Agencia catalogadora original | DLC |
| Agencia transcriptora | DLC |
| Agencia Modificadora | CO-BoIAVH |
| 041 ## - IDIOMA | |
| Código de idioma para texto/pista de sonido o título separado | Inglés |
| 082 00 - NUMERO DE CLASIFICACION DECIMAL DEWEY | |
| Número de clasificación | 621.3678 |
| Número del ítem | P95p |
| 245 00 - MENCION DE TITULO | |
| Título | Principles and applications of imaging radar / |
| Mención de responsabilidad | edited by Floyd M. Henderson and Anthony J. Lewis. |
| 246 14 - FORMA VARIANTE DEL TITULO | |
| Título propiamente dicho/forma breve del título | Principles & applications of imaging radar |
| 260 ## - PUBLICACION, DISTRIBUCION, ETC. (PIE DE IMPRENTA) | |
| Lugar de publicación, distribución, etc. | New York : |
| Nombre del editor, distribuidor, etc. | J. Wiley, |
| Fecha de publicación, distribución, etc. | c1998. |
| 300 ## - DESCRIPCION FISICA | |
| Extensión | xxiv, 866 paginas. : |
| Otros detalles físicos | ilustraciones.; |
| Dimensiones | 29 x 22 cm. |
| 490 1# - MENCION DE SERIE | |
| Mención de serie | Manual of remote sensing, third edition ; |
| Designación numérica/secuencial del volumen | v. 2 |
| 500 ## - NOTA GENERAL | |
| Nota general | "Published in cooperation with the American Society for Photogrammetry and Remote Sensing." |
| 504 ## - NOTA DE BIBLIOGRAFIA, ETC. | |
| Nota de bibliografía | Includes bibliographical references and index. |
| 650 #0 - ASIENTO SECUNDARIO DE MATERIA - TERMINO TEMATICO | |
| Término temático o nombre geográfico como elemento de entrada | Remote sensing. |
| 650 #0 - ASIENTO SECUNDARIO DE MATERIA - TERMINO TEMATICO | |
| Término temático o nombre geográfico como elemento de entrada | Radar. |
| 650 #4 - ASIENTO SECUNDARIO DE MATERIA - TERMINO TEMATICO | |
| Término temático o nombre geográfico como elemento de entrada | imágenes de radar |
| Subdivisión general | aplicaciones |
| 650 #4 - ASIENTO SECUNDARIO DE MATERIA - TERMINO TEMATICO | |
| Término temático o nombre geográfico como elemento de entrada | Radas Hadware |
| 650 #4 - ASIENTO SECUNDARIO DE MATERIA - TERMINO TEMATICO | |
| Término temático o nombre geográfico como elemento de entrada | Fundamentos del Radar |
| 700 1# - ASIENTO SECUNDARIO - NOMBRE PERSONAL | |
| Nombre personal | Henderson, Floyd M. |
| 700 1# - ASIENTO SECUNDARIO - NOMBRE PERSONAL | |
| Nombre personal | Lewis, Anthony J. |
| 710 2# - ASIENTO SECUNDARIO - NOMBRE CORPORATIVO | |
| Nombre corporativo o de jurisdicción como elemento de entrada | American Society for Photogrammetry and Remote Sensing. |
| 830 #0 - ASIENTO SECUNDARIO DE SERIE--TITULO UNIFORME | |
| Volume number/sequential designation | v. 2. |
| 856 42 - LOCALIZACION Y ACCESO ELECTRONICOS | |
| Especificación de los materiales | Contributor biographical information |
| Identificador Uniforme del Recurso | http://www.loc.gov/catdir/bios/wiley041/98007865.html |
| 856 42 - LOCALIZACION Y ACCESO ELECTRONICOS | |
| Especificación de los materiales | Publisher description |
| Identificador Uniforme del Recurso | http://www.loc.gov/catdir/description/wiley032/98007865.html |
| 856 4# - LOCALIZACION Y ACCESO ELECTRONICOS | |
| Especificación de los materiales | Table of Contents |
| Identificador Uniforme del Recurso | http://www.loc.gov/catdir/toc/onix03/98007865.html |
| 906 ## - LOCAL DATA ELEMENT F, LDF (RLIN) | |
| a | 7 |
| b | cbc |
| c | orignew |
| d | 1 |
| e | ocip |
| f | 19 |
| g | y-gencatlg |
| 942 ## - ELEMENTOS ADICIONALES (KOHA) | |
| Sistema de clasificación | Dewey Decimal Classification |
| Tipo de ítem | Libro |
| Withdrawn status | Lost status | Sistema de Clasificación | Damaged status | No para préstamo | Colección | Inventariado | Ubicación Permanente | Ubicación actual | Fecha de adquisición | Fuente de Valor | Valor | Total Checkouts | Número topográfico | Inventario / Código de Barras | Date last seen | Ejemplar | Price effective from | Forma de adquisición | Tipo de material |
|---|---|---|---|---|---|---|---|---|---|---|---|---|---|---|---|---|---|---|---|
| Dewey Decimal Classification | General | Inventariado 2017 | Bogotá | Bogotá | 11/06/2002 | Instituto | 39000.00 | LB-621.3678 P95p | 004984 | 04/12/2012 | Ej. 1 | 04/12/2012 | Compra | Libro |